000 00602nam a22002297a 4500
003 UA-OsUOA
001 87681
007 ta
008 20120921b un ||||| |||| 00| 0 ukr d
100 _aБурбак М.
090 _a821.161.2
_bБ91
942 _cBK
040 _aUA-OsUOA
_bukr
_cUA-OsUOA
_dUA-OsUOA
245 _aКрила Фламінго
_bнариси
300 _a70 с.
955 _a3
041 _aukr
080 _a821.161.2
260 _aУжгород
_bКарпати
_c1969
650 7 _a82 Література. Літературознавство
_2UDC
999 _c373691
_d373691